| 000 | 03338cam a22006974i 4500 | ||
|---|---|---|---|
| 003 | PE-LiUPU | ||
| 005 | 20250731180151.0 | ||
| 008 | 140610s2012 mx a r 000 0 spa d | ||
| 020 | _a9786071507723 | ||
| 035 | _a(Sirsi) i9786071507723 | ||
| 035 | _a(Sirsi) 50611 | ||
| 035 | _a(Sirsi) 50611 | ||
| 040 |
_aPE-LiUPU _bspa _cPE-LiUPU _dPE-LiUPU _erda |
||
| 041 |
_aspa _heng |
||
| 082 | 0 | 4 |
_a510.02462 _bZ76 2012 |
| 100 | 1 | _aZill, Dennis G. | |
| 240 | 1 | 0 |
_aAdvanced engineering mathematics. _lEspañol |
| 245 | 1 | 0 |
_aMatemáticas avanzadas para ingeniería / _cDennis G. Zill, Warren S. Wright, Michael R. Cullen ; revisión técnica Natella Antonyan [y otros dos]. |
| 250 | _aCuarta Edición. | ||
| 264 | 4 |
_aMéxico : _bMcGrawHill, _c2012. |
|
| 300 |
_axxxiii, 697 páginas : _bilustraciones ; _c27 cm |
||
| 336 |
_atext _btxt _2rdacontent |
||
| 337 |
_aunmediated _bn _2rdamedia |
||
| 338 |
_avolume _bnc _2rsacarrier |
||
| 500 | _aTraducido de la cuarta edición en inglés. | ||
| 505 | 0 | _aEcuaciones diferenciales ordinarias -- Introducción a las ecuaciones diferenciales -- Ecuaciones diferenciales de primer orden -- Ecuaciones diferenciales de orden superior -- La transformada de Laplace -- Soluciones en serie para ecuaciones di | |
| 526 | _aSEG44 | ||
| 526 | _aSEG26 | ||
| 526 | _aP159 | ||
| 526 | _aP155 | ||
| 526 | _aP154 | ||
| 526 | _aP153 | ||
| 526 | _aP150 | ||
| 526 | _aP100 | ||
| 526 | _aP31 | ||
| 526 | _aP30 | ||
| 526 | _aP26 | ||
| 526 | _aP25 | ||
| 526 | _aP24 | ||
| 526 | _aP22 | ||
| 526 | _aP15 | ||
| 526 | _aP10 | ||
| 650 | 1 | 4 | _aMatemáticas para ingenieros. |
| 650 | 1 | 4 |
_aEcuaciones diferenciales. _9176 |
| 700 | 1 |
_aWright, Warren S., _eautor. |
|
| 700 | 1 |
_aCullen, Michael R., _eautor. |
|
| 910 |
_agl _b _cng _d20130530 |
||
| 942 |
_2ddc _cBOOK |
||
| 949 |
_a510.02462 Z76 2012 _i67353 _lCCODEBUL1 _mBUL _tLIBRO _o.STAFF. Colección General |
||
| 949 |
_a510.02462 Z76 2012 _i70094 _lCCODEBUL1 _mBUL _tLIBRO _o.STAFF. Colección General |
||
| 949 |
_a517.91 Z76 2012 _wDEWEY _c1 _iFJ02437 _lCCODEBUJ1 _mBUJ _p23.19 _r0 _sY _tBOOK _u2015-12-11 _xINGENIERIA _PP25 _0COMPRA _o.STAFF -- Colección General Juliaca |
||
| 596 | _a1 3 | ||
| 999 |
_a510.02462 Z76 2012 _wDEWEY _c55024 _i67353 _f2021-11-9 _g7 _lCCODEBUL1 _mBUL _p35.00 _r0 _sN _tBOOK _u2015-7-6 _xINGENIERIA _PP25 _0COMPRA _o.STAFF. Colección General _d55024 |
||
| 999 |
_a510.02462 Z76 2012 _wDEWEY _c2 _i70094 _d2019-9-11 _e2019-8-26 _f2021-11-9 _g7 _lCCODEBUL1 _mBUL _n1 _p30.00 _q3 _r0 _sY _tBOOK _u2015-7-30 _xINGENIERIA _zUNKNOWN _0COMPRA _o.STAFF. Colección General |
||
| 999 |
_a517.91 Z76 2012 _wDEWEY _c1 _iFJ02437 _d2018-5-31 _e2018-5-28 _f2022-1-19 _g4 _lCCODEBUJ1 _mBUJ _n2 _p23.19 _r0 _sY _tBOOK _u2016-10-3 _xINGENIERIA _PP25 _0COMPRA _o.STAFF. Colección General Juliaca |
||
| 999 |
_a517.91 Z76 2012 _wDEWEY _c2 _iFJ02438 _f2022-1-19 _g4 _lCCODEBUJ1 _mBUJ _p23.19 _r0 _sY _tBOOK _u2016-10-3 _xINGENIERIA _PP25 _0COMPRA _o.STAFF. Colección General Juliaca |
||
| 999 |
_a517.91 Z76 2012 _wDEWEY _c3 _iFJ02439 _d2016-10-20 _e2016-10-17 _f2022-1-19 _g4 _lCCODEBUJ1 _mBUJ _n1 _p23.19 _r0 _sY _tBOOK _u2016-10-3 _xINGENIERIA _PP25 _0COMPRA _o.STAFF. Colección General Juliaca |
||
| 980 |
_81 _gALBERTO SANCHEZ Responsable de Automatización |
||